[Event "Swiss Queens Wed #9"]
[Site "FIDE Online Arena INT"]
[Date "2024.03.27"]
[Round "11"]
[White "Farhat Willemstein, Stela Souza"]
[Black "Narahari, Akshaya"]
[Result "1-0"]
[WhiteElo "1855"]
[BlackElo "1466"]
[PlyCount "147"]
[EventDate "2024.03.27"]
[EventType "swiss (blitz)"]
[EventRounds "11"]
[EventCountry "NET"]
[SourceTitle "CB14_2024"]
[SourceDate "2024.04.01"]
[SourceVersion "1"]
[SourceVersionDate "2024.04.01"]
[SourceQuality "1"]

1. e4 c5 2. Nf3 e6 3. d4 cxd4 4. Nxd4 Nc6 5. Nc3 Qc7 6. Be3 a6 7. Qd2 Nf6 8. f3 Bc5 9. 0-0-0 0-0 10. a3 e5 11. Nf5 Rd8 12. Bxc5 b6 13. Be7 Nxe7 14. Nxe7+ Kf8 15. Nf5 Bb7 16. Nd6 Bc6 17. Bc4 b5 18. Bb3 Ne8 19. Nxf7 Rdc8 20. Nd6 Nxd6 21. Qxd6+ Qxd6 22. Rxd6 Ke7 23. Rhd1 Rf8 24. Ne2 Rf6 25. Rxf6 gxf6 26. Ng3 d6 27. Nf5+ Kd7 28. g3 Kc7 29. Ne7 Re8 30. Nxc6 Kxc6 31. Bd5+ Kc7 32. c4 bxc4 33. Bxc4 Rd8 34. b3 a5 35. a4 Rb8 36. Rd5 Ra8 37. Kc2 Ra7 38. f4 Kc6 39. fxe5 fxe5 40. Kc3 Kc7 41. g4 Kc6 42. h4 Kc7 43. g5 Kc6 44. h5 Kc7 45. g6 hxg6 46. hxg6 Kc6 47. Bb5+ Kc7 48. Be8 Ra8 49. Bf7 Rf8 50. Rxa5 Rh8 51. Rd5 Rh3+ 52. Rd3 Rg3 53. Kc4 Rg4 54. Kd5 Rg5 55. b4 Kd7 56. b5 Ke7 57. b6 Kd7 58. a5 Kc8 59. Rc3+ Kb7 60. Rc7+ Ka6 61. Ra7+ Kb5 62. Be8+ Kb4 63. g7 Rxg7 64. Rxg7 Kxa5 65. b7 Kb4 66. b8Q+ Kc3 67. Rc7+ Kd2 68. Qd8 Ke3 69. Qxd6 Kf3 70. Qxe5 Kg4 71. Rf7 Kh4 72. Qg7 Kh3 73. Rf8 Kh4 74. Rh8# 1-0

[Event "Swiss Queens Wed #7"]
[Site "FIDE Online Arena INT"]
[Date "2024.03.13"]
[Round "4"]
[White "Mikhaylova, Irina"]
[Black "Narahari, Akshaya"]
[Result "1-0"]
[WhiteElo "2169"]
[BlackElo "1466"]
[PlyCount "47"]
[EventDate "2024.03.13"]
[EventType "swiss (blitz)"]
[EventRounds "11"]
[EventCountry "NET"]
[SourceTitle "CB12_2024"]
[SourceDate "2023.10.01"]
[SourceVersion "1"]
[SourceVersionDate "2023.10.01"]
[SourceQuality "1"]

1. d4 d5 2. Nf3 Nf6 3. c4 e6 4. Bg5 Be7 5. e3 h6 6. Bh4 Nbd7 7. Nc3 c6 8. a3 dxc4 9. Bxc4 b5 10. Ba2 Bb7 11. Qc2 0-0 12. Rd1 Qc7 13. Bb1 Rac8 14. Ne5 Rfe8 15. Nxd7 Qxd7 16. Bxf6 Bxf6 17. Ne4 Qe7 18. Nc5 Qc7 19. f4 Rcd8 20. 0-0 Qb6 21. b4 a6 22. Rc1 Rb8 23. Nd7 Qc7 24. Qh7# 1-0